000 00446nam a2200157Ia 4500
008 210210b2007 xxu||||| |||| 00| 0 eng d
020 _a0 07 061570 5
082 _a155 SANT
100 _aSANTROCK (John W).
245 _aTopical approach to life span development. Ed.3.
250 _a
260 _aNew Delhi
_bTata McGraw-Hill Publishing Company Ltd.
_c2007
300 _axxxv,778
690 _aDevelopmental Psychology
906 _aSG04859
999 _c115627
_d115627